Serie A 17-18 Teams - Statistics

General Stats
  • This quiz has been taken 4 times
  • The average score is 19 of 20
Answer Stats
Standing Answer % Correct
#6 AC Milan
100%
#3 AS Roma
100%
#7 Atalanta
100%
#20 Benevento
100%
#15 Bologna
100%
#16 Cagliari
100%
#8 Fiorentina
100%
#19 Hellas Verona
100%
#4 Inter Milan
100%
#1 Juventus
100%
#5 Lazio
100%
#2 Napoli
100%
#10 Sampdoria
100%
#11 Sassuolo
100%
#14 Udinese
100%
#13 Chievo
75%
#12 Genoa
75%
#17 SPAL
75%
#9 Torino
75%
#18 Crotone
50%
No matching quizzes found
Score Distribution
Percent of People with Each Score
Percentile by Number Answered
Your Score History
You have not taken this quiz